[Event "CUB-ch"]
[Site "?"]
[Date "1988.??.??"]
[Round "?"]
[White "Keipo, Guillermo"]
[Black "Calderin, Roberto"]
[Result "0-1"]
[WhiteElo "2275"]
[BlackElo "2280"]

1.d4 g6 2.e4 Bg7 3.Nc3 d6 4.f4 Nc6 5.Be3 Nh6 6.Nf3 Bg4 7.Bb5 O-O 8.Bxc6 bxc6
9.h3 Bxf3 10.Qxf3 Rb8 11.b3 d5 12.O-O dxe4 13.Qxe4 Nf5 14.Rfd1 Nxe3 15.Qxe3 Rb4
16.Ne2 e6 17.c3 Rb5 18.b4 a5 19.a3 Bh6 20.Qe4 Qd5 21.Qxd5 cxd5 22.h4 Ra8
23.Kf2 Rb6 24.Ke3 c6 25.Rab1 axb4 26.axb4 f6 27.Kd3 Kf7 28.g3 Bf8 29.Ra1 Rba6
30.Rxa6 Rxa6 31.Nc1 Bd6 32.Re1 h5 33.Rf1 Ke7 34.Nb3 Ra3 35.Nc5 e5 36.fxe5 fxe5
37.dxe5 Bxe5 38.Re1 Kd6 39.Nb7+ Ke6 40.Nc5+ Kf5 41.Rc1 Kg4 42.Nd7 Bxg3 43.Nf8 Bd6
44.Nxg6 Kf5 45.Rg1 Bxb4 46.Rg5+ Kf6 47.Ne5 Ke6 48.Nxc6 Rxc3+ 49.Kd4 Rc4+
50.Kd3 Rxc6 51.Rxh5 Rc3+ 52.Kd4 Rc4+ 53.Kd3 Be7 54.Rh6+ Bf6 55.h5 Rh4 56.Rh7 Rh3+  0-1

[Event "Delmenhorst"]
[Site "Delmenhorst"]
[Date "1988.??.??"]
[Round "?"]
[White "Wahls, Matthias"]
[Black "Rakic, Tomislav"]
[Result "1-0"]
[WhiteElo "2440"]
[BlackElo "2380"]

1.e4 g6 2.d4 Bg7 3.Nc3 d6 4.f4 Nf6 5.Nf3 O-O 6.Bd3 Nc6 7.e5 dxe5 8.fxe5 Nd5
9.Nxd5 Qxd5 10.c3 Bg4 11.Qe2 Rad8 12.Bf4 Bxf3 13.gxf3 Nxd4 14.cxd4 Qxd4 15.Be4 f5
16.exf6 exf6 17.Rd1 Qb4+ 18.Kf2 f5 19.a3 Qa4 20.Qc2 Qxc2+ 21.Bxc2 Bxb2 22.Bxc7 Rxd1
23.Rxd1 Bxa3 24.Rd7 Bb2 25.Bb3+ Kh8 26.Bd6 Re8 27.Rxb7 Bd4+ 28.Kg3 Re2 29.Rd7 Bf2+
30.Kf4 Be3+ 31.Ke5 Bg5+ 32.Kd5 Bf6 33.f4 Rxh2 34.Ke6  1-0

[Event "Delmenhorst"]
[Site "Delmenhorst"]
[Date "1988.??.??"]
[Round "?"]
[White "Lanzendoerfer, Johannes"]
[Black "Rakic, Tomislav"]
[Result "0-1"]
[WhiteElo "2235"]
[BlackElo "2380"]

1.e4 g6 2.d4 Bg7 3.Nc3 d6 4.Nf3 Nf6 5.h3 O-O 6.Be3 e5 7.dxe5 dxe5 8.Qxd8 Rxd8
9.Bc4 Nc6 10.Ng5 Rd7 11.Bb5 Ne8 12.Na4 Rd6 13.Bc5 Rd8 14.Bc4 Rd7 15.Rd1 Nd6
16.Bxd6 cxd6 17.O-O h6 18.Nf3 Nd4 19.Nxd4 exd4 20.c3 Rc7 21.Bb5 dxc3 22.Nxc3 Bxc3
23.bxc3 Be6 24.Rxd6 Bxa2 25.Ra1 Be6 26.Ra3 a6 27.Rb6 Rd8 28.Be2 Rd2 29.Bg4 Ra2
30.Rxa2 Bxa2 31.Bf3 a5 32.e5 a4 33.Bd1 a3 34.Bb3 Bb1 35.Bxf7+ Kxf7 36.Rxb1 Rxc3
37.Rxb7+ Ke6 38.Ra7 Kxe5 39.Ra4 Kd5 40.Kf1 Rb3 41.Ke2 Rb2+ 42.Ke3 a2 43.g4 g5
44.Ra8 Kc4 45.f4 Kb4 46.Ke4 Re2+ 47.Kf3 Rh2 48.Ke4 Re2+ 49.Kf3 Rc2 50.Ke4 Rc4+
51.Kd3 Rc3+  0-1

[Event "DSV-Turnier"]
[Site "Dresden"]
[Date "1988.??.??"]
[Round "?"]
[White "Lanc, Alois"]
[Black "Paehtz, Thomas Sr"]
[Result "1/2-1/2"]
[WhiteElo "2435"]
[BlackElo "2515"]

1.e4 g6 2.d4 Bg7 3.Nc3 d6 4.f4 Nf6 5.Nf3 c5 6.e5 Ng4 7.Bb5+ Bd7 8.e6 fxe6
9.Ng5 Bxb5 10.Nxe6 Bxd4 11.Nxb5 Qa5+ 12.c3 Bf2+ 13.Kd2 Be3+ 14.Kc2 Qa4+ 15.Kb1 Qe4+
16.Qc2 Qxc2+ 17.Kxc2 Kd7 18.Nec7 a6 19.Nxa8 axb5 20.a4 bxa4 21.Rxa4 Kc6 22.h3 Nf2
23.Rf1 Bxc1 24.Rxf2 Be3 25.Re2 Bg1 26.g3 c4 27.Rxc4+ Bc5 28.Ra4 d5 29.b4 Bd6
30.Kd3 Nd7 31.Rb2 e5 32.b5+ Kc5 33.Ra7 exf4 34.gxf4 Bxf4 35.b6 Ne5+ 36.Ke2 Nc4
37.Rba2 Kc6 38.Nc7 Nxb6 39.Ne6 Re8 40.Kf3 Rxe6 41.Kxf4 Re4+ 42.Kf3 Nc4 43.Re2 Ne5+
44.Kf2 Nd3+ 45.Kf1 Rxe2 46.Kxe2 Nf4+ 47.Ke3 Nxh3 48.Ra8 Ng5 49.Kf4 Ne4 50.Rh8 h5
51.Ke5 Nd6 52.Rg8 Kc5 53.Rxg6 Nb5 54.Rg8 Nxc3  1/2-1/2

[Event "Edinburgh op"]
[Site "Edinburgh"]
[Date "1988.??.??"]
[Round "1"]
[White "Mannion, Stephen R"]
[Black "McNab, Colin Anderson"]
[Result "0-1"]
[WhiteElo "2280"]
[BlackElo "2420"]

1.e4 g6 2.d4 d6 3.Nc3 Bg7 4.Be3 c6 5.Qd2 Nd7 6.Nf3 b5 7.Bd3 Qc7 8.O-O Ngf6
9.a4 b4 10.Ne2 a5 11.Bh6 O-O 12.Ng3 c5 13.Bxg7 Kxg7 14.Qg5 c4 15.Be2 Kh8
16.e5 Ng8 17.exd6 exd6 18.Qf4 Bb7 19.Ng5 Ndf6 20.Bf3 Bxf3 21.Qxf3 d5 22.Rfe1 Rae8
23.Kf1 Rxe1+ 24.Rxe1 Qd7 25.b3 cxb3 26.cxb3 Rc8 27.Ne2 h6 28.Nh3 Ne4 29.Qe3 Kg7
30.Rc1 Ne7 31.Rxc8 Qxc8 32.f3 Nf5 33.Qf4 g5 34.Qc1 Qxc1+ 35.Nxc1 Nc3 36.Nf2 Nxd4
37.Nfd3 Kf6 38.Nc5 Nc6 39.Ke1 d4 40.Kd2 Nd5 41.Ne2 Ke5 42.Nd3+ Kd6 43.Ng3 Ne3
44.Ne1 f5 45.Ke2 Ne5 46.Nh1 Nd7 47.f4 g4 48.Nd3 Nxg2 49.Ng3 Ke6 50.Nf1 Kd5
51.Kf2 Ne3 52.Nxe3+ dxe3+ 53.Kxe3 Nc5 54.Nc1 h5 55.Kf2 Ke4 56.Kg3 Ke3 57.Kh4 Kd2
58.Na2 Nxb3  0-1

[Event "Eppingen BM"]
[Site "Eppingen"]
[Date "1988.??.??"]
[Round "?"]
[White "Heim, Bernhard"]
[Black "Reinhardt, Bernd"]
[Result "1-0"]
[WhiteElo "2260"]
[BlackElo "2280"]

1.e4 g6 2.d4 Bg7 3.Nc3 d6 4.f4 c6 5.Nf3 b5 6.a4 b4 7.Nb1 a5 8.Nbd2 Nf6 9.Bd3 Nh5
10.Nc4 Bg4 11.Be3 Nf6 12.h3 d5 13.exd5 Bxf3 14.Qxf3 Nxd5 15.Ne5 O-O 16.O-O f6
17.Nc4 e5 18.f5 Nxe3 19.Qxe3 Qxd4 20.Qxd4 exd4 21.fxg6 hxg6 22.Bxg6 Nd7 23.Be4 Ra6
24.Bf5 Nc5 25.b3 Rd8 26.Rad1 Bh6 27.Bd3 Kg7 28.Rde1 Ra7 29.Re2 Rd5 30.Rfe1 Kf7
31.Re8 Nxd3 32.cxd3 Be3+ 33.Nxe3 dxe3 34.R8xe3 Rad7 35.Rd1 Rc5 36.d4 Rc2
37.Red3 Rd5 38.R1d2 Rxd2 39.Rxd2 c5 40.Kf2 cxd4 41.Ke2 Re5+ 42.Kd3 Re3+ 43.Kxd4 Rxb3
44.Kc4 Rc3+ 45.Kb5 b3 46.Rb2 Rc2 47.Rxb3 Rxg2 48.Kxa5 f5 49.Kb6 f4 50.Rf3 Rb2+
51.Ka5 Ke6 52.Rxf4 Kd7 53.Rc4 Rb8 54.Ka6 Kd6 55.a5 Rb3 56.h4 Kd5 57.Rc8 Kd6
58.Ka7 Ra3 59.a6 Kd7 60.Rc4 Rb3 61.h5 Rb5 62.Rh4 Kc6 63.Rc4+ Kd7 64.h6 Rh5
65.Rb4  1-0

[Event "Esbjerg-B"]
[Site "Esbjerg"]
[Date "1988.??.??"]
[Round "4"]
[White "Rewitz, Poul"]
[Black "Hoiberg, Nina"]
[Result "0-1"]
[WhiteElo "2245"]
[BlackElo "2235"]

1.d4 g6 2.e4 Bg7 3.Nc3 d6 4.g3 c6 5.Bg2 f5 6.Nge2 fxe4 7.Nxe4 Nf6 8.Nxf6+ exf6
9.Bf4 d5 10.Qd2 Nd7 11.Bh6 O-O 12.Bxg7 Kxg7 13.O-O Re8 14.Nf4 Nf8 15.Rfe1 Ne6
16.Nxe6+ Rxe6 17.Re3 Rxe3 18.Qxe3 Bf5 19.Re1 Bxc2 20.Qe7+ Qxe7 21.Rxe7+ Kh6
22.f4 f5 23.Rxb7 Re8 24.Kf2 Bd1 25.Bf1 Re4 26.Rxa7 Rxd4 27.Rc7 Bh5 28.Ke3 Rd1
29.Ba6 d4+ 30.Kf2 Rd2+ 31.Kg1 Rxb2 32.Rxc6 Rxa2 33.Bd3 Bg4 34.Rd6 Rd2 35.Bc4 Bf3
36.Rd7 Bc6 37.Rc7 Be4 38.Bg8 Kh5 39.Bxh7 Rg2+ 40.Kf1 Rxh2 41.Rg7 Kg4 42.Bxg6 Kf3
43.Kg1 Rg2+ 44.Kf1 Rxg3 45.Bh5+ Kxf4  0-1

[Event "Esbjerg-B"]
[Site "Esbjerg"]
[Date "1988.??.??"]
[Round "6"]
[White "Fries Nielsen, Jens Ove"]
[Black "Hoiberg, Nina"]
[Result "1-0"]
[WhiteElo "2385"]
[BlackElo "2235"]

1.d4 g6 2.e4 d6 3.Nc3 Bg7 4.Nf3 Nf6 5.h3 O-O 6.Be3 c5 7.dxc5 Qa5 8.Nd2 Ne8
9.Nd5 Nc6 10.c3 e6 11.Nc4 Qd8 12.Nf4 g5 13.Nh5 d5 14.Nxg7 Kxg7 15.Nd2 f5
16.exf5 e5 17.h4 Bxf5 18.Bxg5 Nf6 19.g4 Be6 20.Rg1 e4 21.Nb3 Qd7 22.Nd4 Ne5
23.Be2 Kh8 24.Bf4 Nd3+ 25.Bxd3 exd3 26.Be5 Rae8 27.Kd2 Qg7 28.f4 Bd7 29.Bxf6 Qxf6
30.f5 Qh6+ 31.Kxd3 Re3+ 32.Kc2 Qxh4 33.Qd2 Rfe8 34.Raf1 Bb5 35.Rf2 Bd3+ 36.Kc1 Qg5
37.Ne6 Qh6 38.Rh2  1-0

[Event "Espoo"]
[Site "Espoo"]
[Date "1988.??.??"]
[Round "5"]
[White "Valkesalmi, Kimmo"]
[Black "Reeh, Oliver"]
[Result "1/2-1/2"]
[WhiteElo "2425"]
[BlackElo "2460"]

1.e4 d6 2.d4 g6 3.Nc3 Bg7 4.Be3 c6 5.a4 a5 6.h3 Nf6 7.g4 h5 8.g5 Nh7 9.Qd2 e5
10.f4 exf4 11.Bxf4 O-O 12.O-O-O Na6 13.Nf3 Nb4 14.Bg2 Re8 15.Kb1 Nf8  1/2-1/2

[Event "Frankfurt"]
[Site "Frankfurt"]
[Date "1988.??.??"]
[Round "7"]
[White "Carton, Patrick"]
[Black "Alber, Horst"]
[Result "0-1"]
[WhiteElo "2240"]
[BlackElo "2275"]

1.e4 g6 2.d4 Bg7 3.Nc3 d6 4.Bc4 e6 5.Nf3 Ne7 6.Bg5 a6 7.Qd2 b5 8.Bb3 h6 9.Bh4 Bb7
10.d5 e5 11.g4 Nd7 12.Qe2 Nc5 13.Nd2 Bc8 14.Nd1 h5 15.g5 Bd7 16.Ne3 Qb8 17.c3 Nxb3
18.axb3 O-O 19.b4 c6 20.dxc6 Bxc6 21.Bg3 Qd8 22.f3 Nc8 23.h4 f6 24.gxf6 Qxf6
25.Rf1 Nb6 26.Nb3 d5 27.Nc5 d4 28.Nc2 dxc3 29.bxc3 Bh6 30.Ne3 Rfd8 31.Kf2 Bf4
32.Bxf4 Qxf4 33.Ng2 Qd2 34.Qxd2 Rxd2+ 35.Kg3 Rc2 36.Rfd1 Nc4 37.Rxa6 Rxa6
38.Nxa6 Rxg2+ 39.Kh3 Rd2 40.Rg1 Bd7+  0-1

[Event "Frankfurt"]
[Site "Frankfurt"]
[Date "1988.??.??"]
[Round "13"]
[White "Degenhardt, Horst"]
[Black "Timpel, Klaus"]
[Result "1/2-1/2"]
[WhiteElo "2270"]
[BlackElo "2335"]

1.e4 g6 2.d4 Bg7 3.Nc3 d6 4.Nf3 c6 5.a4 a5 6.h3 Nf6 7.Be2 O-O 8.O-O Na6 9.Be3 Nb4
10.Nd2 d5 11.e5 Ne8 12.Ncb1 c5 13.c3 Nc6 14.Nf3 cxd4 15.cxd4 Qb6 16.Qd2 f6
17.Nc3 Be6 18.Nb5 Nc7 19.Rfe1 Nxb5 20.Bxb5 Bf5 21.Bh6 Bxh6 22.Qxh6 Nxd4 23.Nxd4 Qxd4
24.Rad1 Qc5 25.Qf4 Be4 26.Bd7 Qc7 27.Be6+ Kh8 28.Bxd5 Bxd5 29.Rxd5 Rad8 30.Rxd8 Rxd8
31.g3  1/2-1/2

[Event "Dreszer mem"]
[Site "Gdynia"]
[Date "1988.??.??"]
[Round "1"]
[White "Kocovski, Ivan"]
[Black "Kot, Jerzy"]
[Result "1-0"]
[WhiteElo "2330"]
[BlackElo "2300"]

1.e4 g6 2.d4 Bg7 3.Nc3 d6 4.Nf3 Nf6 5.h3 O-O 6.Be3 c6 7.a4 Qa5 8.Nd2 Nbd7
9.Be2 e5 10.O-O Rd8 11.Nc4 Qc7 12.d5 Nb6 13.Na3 Qe7 14.a5 cxd5 15.exd5 Nbd7
16.b4 Ne8 17.Qd2 f5 18.f4 Ndf6 19.Rae1 Bd7 20.fxe5 dxe5 21.Bc5 Qf7 22.Bc4 Nh5
23.Ne4 h6 24.Nb5 Bxb5 25.Bxb5 Kh7 26.c4 Nc7 27.Nd6 Rxd6 28.Bxd6 Nxb5 29.cxb5 e4
30.Rxe4 Rd8 31.Re7 Qf6 32.Re6 Qh4 33.Bc5 Qc4 34.Re7 Rxd5 35.Qb2 Rxc5 36.Rxg7+ Nxg7
37.bxc5 Qxc5+ 38.Rf2 g5 39.Kh1 Kg6 40.Rc2 Qe3 41.a6 Nh5 42.Rf2 bxa6 43.bxa6 Ng3+
44.Kh2 f4 45.Qc2+ Kf6 46.Qc6+ Kf5 47.Qd7+ Kf6 48.Qd6+ Kf5 49.Qf8+ Kg6 50.Qg8+ Kf6
51.Qd8+ Kf5 52.Qc8+ Kf6 53.Rf3 Qe1 54.Qc3+ Qxc3 55.Rxc3 h5 56.Rc7 g4 57.Rxa7 Ne2
58.Rf7+ Kxf7  1-0

[Event "Geneve"]
[Site "Geneve"]
[Date "1988.??.??"]
[Round "?"]
[White "Gobet, Fernand"]
[Black "Plaskett, Jim"]
[Result "0-1"]
[WhiteElo "2405"]
[BlackElo "2450"]

1.e4 d6 2.d4 g6 3.Nc3 Bg7 4.f4 Nf6 5.Nf3 c5 6.d5 O-O 7.Be2 Na6 8.O-O Nc7
9.a4 e6 10.dxe6 Bxe6 11.Kh1 d5 12.f5 gxf5 13.exf5 Bxf5 14.Nh4 Bg6 15.Bg5 Re8
16.Nxg6 hxg6 17.Bf3 Re6 18.Bg4 Re5 19.Bh4 d4 20.Nb5 Ncd5 21.Bxf6 Bxf6 22.Qf3 Kg7
23.Bh3 Qe7 24.Rf2 Ne3 25.a5 a6 26.Na3 c4 27.Re1 Re8 28.Ree2 Nd1  0-1

[Event "BL2-N8788"]
[Site "Germany"]
[Date "1988.??.??"]
[Round "?"]
[White "Seppelt, Alfred"]
[Black "Engelbert, Christoph"]
[Result "1/2-1/2"]
[WhiteElo "2210"]
[BlackElo "2220"]

1.e4 g6 2.d4 Bg7 3.Nc3 d6 4.Bc4 Nf6 5.Nge2 O-O 6.O-O Nc6 7.f3 e6 8.Be3 d5
9.Bb3 dxe4 10.Nxe4 h6 11.c3 b6 12.Qd2 Kh7 13.Nxf6+ Qxf6 14.Ng3 Na5 15.Qc2 Kg8
16.Qd2 Kh7 17.Qc2 Kg8 18.Qd2 Qh4 19.Bf2 Nxb3 20.axb3 Qe7 21.b4 Bb7 22.Ra3 Rfd8
23.Rfa1 a6 24.Qe2 Qg5 25.Ne4 Qb5 26.Qxb5 axb5 27.Bg3 Rxa3 28.Rxa3 e5 29.dxe5 Bxe4
30.fxe4 Rd2 31.Ra8+ Kh7 32.Rc8 c5 33.bxc5 bxc5 34.Rxc5 Rxb2 35.Kf1 b4 36.cxb4 Rxb4
37.Rc7 Kg8 38.Rc8+ Kh7 39.Rc7  1/2-1/2

[Event "NRW-Liga I"]
[Site "Germany"]
[Date "1988.??.??"]
[Round "?"]
[White "Fleger, Herbert"]
[Black "Perschke, Ulrich"]
[Result "1-0"]
[WhiteElo "2250"]
[BlackElo "2235"]

1.e4 g6 2.d4 Bg7 3.Nc3 d6 4.g3 e5 5.dxe5 dxe5 6.Qxd8+ Kxd8 7.Bc4 f6 8.Be3 Bd7
9.O-O-O b6 10.f4 c6 11.fxe5 fxe5 12.Nf3 Kc7 13.Ng5 Nf6 14.Rhf1 h6 15.Nf7 Ng4
16.Bg1 Re8 17.Rd6 Nf6 18.Rdxf6 Bxf6 19.Rxf6 Rf8 20.Rf2 b5 21.Be2 Be6 22.Nxe5 Re8
23.Nxg6 Nd7 24.Nf4 Bg8 25.Nd3 a5 26.Bg4 Nb6 27.e5 b4 28.Ne4 Nc4 29.Nf6 Re7
30.Nxg8 Rxg8 31.Rf4 Nxe5 32.Nxe5 Rxe5 33.Bf2 c5 34.b3 h5 35.Bf3 Rg6 36.h3 Kb6
37.g4 hxg4 38.Bxg4 a4 39.bxa4 Ka5 40.Kb2 Kxa4 41.a3 Ka5 42.axb4+ cxb4 43.Bd4 Rd5
44.Rf5 Rxf5 45.Bxf5 Rg2 46.Bg4 Ka4 47.Bd7+ Ka5 48.Be5 Kb6 49.Kb3 Kc5 50.Bb8 Re2
51.Ba7+ Kd5 52.Bg4 Re7 53.Bf2 Rf7 54.Be1  1-0

[Event "Bundesliga 8788"]
[Site "Germany"]
[Date "1988.??.??"]
[Round "?"]
[White "Tischer, Guenter"]
[Black "Weidemann, Joerg"]
[Result "0-1"]
[WhiteElo "2325"]
[BlackElo "2290"]

1.d4 d6 2.e4 g6 3.Nc3 Bg7 4.Nf3 Nf6 5.Be2 O-O 6.O-O b6 7.Re1 Bb7 8.Bf1 c5
9.dxc5 bxc5 10.Bg5 Nc6 11.Nd5 Nd7 12.Qd2 Re8 13.c3 Rb8 14.Rab1 a5 15.a4 Ba8
16.h4 Nde5 17.Nh2 f6 18.Be3 e6 19.Nf4 Na7 20.f3 Bc6 21.b4 Qe7 22.b5 Bb7 23.c4 Nc8
24.Nh3 Nb6 25.Qc2 f5 26.exf5 gxf5 27.Bg5 Qf8 28.Rbd1 h6 29.Bd2 Ra8 30.Nf4 d5
31.Nxe6 Rxe6 32.f4 Ng4 33.Nxg4 Rxe1 34.Rxe1 fxg4 35.Qg6 Qf6 36.Re8+ Rxe8
37.Qxe8+ Bf8 38.Bxa5 Nxc4 39.Bd8 Qd4+ 40.Kh1 Nd6 41.Qg6+ Qg7 42.Qxg7+ Bxg7
43.a5 c4 44.a6 Bc8 45.a7 Bb7 46.b6 Bd4 47.Be2 h5 48.Bd1 Nc8 49.Ba4  0-1

[Event "BL2-N8788"]
[Site "Germany"]
[Date "1988.??.??"]
[Round "?"]
[White "Ahmels, Volker"]
[Black "Reeh, Oliver"]
[Result "1/2-1/2"]
[WhiteElo "2265"]
[BlackElo "2460"]

1.e4 g6 2.d4 Bg7 3.Nc3 d6 4.g3 Nc6 5.Be3 Nf6 6.h3 e5 7.dxe5 dxe5 8.Qxd8+ Nxd8
9.Nf3 O-O 10.O-O-O Re8 11.Nxe5 Nxe4 12.Nxe4 Bxe5 13.Bg5 Bf5 14.Bg2 Bxe4 15.Bxe4 Ne6
16.Be3 c6 17.c3 Bc7 18.Rhe1 Bb6  1/2-1/2

[Event "Hessen-ch"]
[Site "Germany"]
[Date "1988.??.??"]
[Round "4"]
[White "Timpel, Klaus"]
[Black "Buchal, Stephan"]
[Result "0-1"]
[WhiteElo "2335"]
[BlackElo "2305"]

1.e4 g6 2.d4 Bg7 3.Nc3 d6 4.f4 Nf6 5.Nf3 c5 6.dxc5 Qa5 7.Bd3 Qxc5 8.Qe2 Nc6
9.Be3 Qa5 10.O-O Bg4 11.a3 O-O 12.b4 Qd8 13.Rad1 Rc8 14.Qe1 e5 15.Be2 Bxf3
16.Bxf3 Nd4 17.Rf2 Rc4 18.Rd3 Qd7 19.Rfd2 Re8 20.Qd1 Nxf3+ 21.gxf3 exf4 22.Bxa7 Rxc3
23.Rxc3 Nxe4 24.Rcd3 Nxd2 25.Qxd2 Be5 26.Bc5 Qc6 27.Bxd6 Bxd6 28.Rxd6 Qxf3
29.Rd8 Qg4+ 30.Kf1 Qf3+ 31.Kg1 Rxd8 32.Qxd8+ Kg7 33.Qd4+ f6 34.a4 g5 35.Qd7+ Kh6
36.Qd3 Qg4+ 37.Kf1 f3 38.Qd2 Qh3+ 39.Kg1 f5 40.Qd6+ Kh5 41.Qg3 Qxg3+ 42.hxg3 Kg4
43.a5 Kxg3 44.b5 f2+ 45.Kf1 Kf3 46.a6 g4  0-1

[Event "Hessen-ch"]
[Site "Germany"]
[Date "1988.??.??"]
[Round "7"]
[White "Neidhardt, Claus Ulrich"]
[Black "Kuban, Guenther"]
[Result "0-1"]
[WhiteElo "2280"]
[BlackElo "2230"]

1.d4 g6 2.e4 d6 3.Nc3 Bg7 4.Nf3 Nf6 5.Bc4 O-O 6.Qe2 c6 7.e5 Nd5 8.Bd2 Nb4
9.Bb3 Be6 10.Bf4 Nd5 11.Nxd5 Bxd5 12.O-O Bxf3 13.Qxf3 dxe5 14.Bxe5 e6 15.Rad1 Nd7
16.Bxg7 Kxg7 17.Rd3 Qg5 18.Qe4 Rad8 19.Rg3 Nf6 20.Qe2 Qh5 21.Qe3 Ng4 22.Rxg4 Qxg4
23.Qe5+ Kg8 24.c3 Rd7 25.Re1 Qf5 26.Qe3 Rfd8 27.h3 c5 28.d5 exd5 29.Qxc5 d4
30.Qxf5 gxf5 31.cxd4 Rxd4 32.Re5 f4 33.Rg5+ Kf8 34.Rh5 Kg7 35.Rg5+ Kf6 36.Rh5 Kg6
37.Rb5 R8d7 38.h4 h6 39.Bc2+ Kg7 40.Bb3 b6 41.Rf5 f6 42.Rb5 Re7  0-1

[Event "Hessen-ch"]
[Site "Germany"]
[Date "1988.??.??"]
[Round "7"]
[White "Buchal, Stephan"]
[Black "Alber, Horst"]
[Result "1-0"]
[WhiteElo "2305"]
[BlackElo "2275"]

1.e4 g6 2.d4 Bg7 3.Nc3 d6 4.Nge2 Nd7 5.g3 e5 6.Bg2 Ngf6 7.O-O O-O 8.h3 c6
9.Be3 Re8 10.g4 Qe7 11.Ng3 Nb6 12.Qd3 exd4 13.Bxd4 c5 14.Be3 Be6 15.b3 Rad8
16.Nce2 d5 17.Rad1 c4 18.Qd2 Qa3 19.e5 Ne4 20.Nxe4 dxe4 21.Qxd8 Rxd8 22.Rxd8+ Bf8
23.Bh6 Nd7 24.Rd1 cxb3 25.axb3  1-0

[Event "Groningen op"]
[Site "Groningen"]
[Date "1988.??.??"]
[Round "?"]
[White "Polaczek, Richard"]
[Black "Hickl, Joerg"]
[Result "0-1"]
[WhiteElo "2280"]
[BlackElo "2485"]

1.e4 g6 2.d4 d6 3.Nc3 Bg7 4.Nf3 c6 5.a4 Nf6 6.h3 O-O 7.Be3 Nbd7 8.a5 Qc7
9.Qd2 Rd8 10.Bc4 Nf8 11.O-O Be6 12.d5 cxd5 13.Bxd5 Rdc8 14.Rfe1 N8d7 15.Bd4 Ne5
16.Bxe5 dxe5 17.Bxe6 fxe6 18.Qe2 a6 19.Red1 Rd8 20.Rxd8+ Rxd8 21.Ra4 Rc8
22.Nd2 Qd7 23.Nc4 Rc5 24.Qd3 Qc7 25.Nb6 Ne8 26.Ra3 Nd6 27.b4 Rc6 28.b5 Rc5
29.bxa6 bxa6 30.Nca4 Rxa5 31.c4 Qc6 32.Qc3 Nb7 33.Qb4 Bf6 34.Re3 Kf7 35.Re2 Qd6
36.Qe1 h5 37.g3 h4 38.g4 Bg5 39.Rb2 Qc6 40.Qe2 Nc5 41.Nxc5 Qxc5 42.Rb3 Ra1+
43.Kg2 Qd4 44.Nc8 Rc1 45.Rb7 Qa1 46.Qf3+ Bf4 47.Rxe7+ Kf8 48.Qd3 Rd1  0-1

[Event "Groningen op"]
[Site "Groningen"]
[Date "1988.??.??"]
[Round "?"]
[White "Maier, Christian"]
[Black "Kraut, Rainer"]
[Result "0-1"]
[WhiteElo "2325"]
[BlackElo "2410"]

1.e4 g6 2.d4 Bg7 3.Nc3 d6 4.Be3 c6 5.Qd2 b5 6.Bd3 Nd7 7.Nge2 Rb8 8.O-O b4
9.Nd1 a5 10.f4 Ngf6 11.Nf2 O-O 12.Rad1 Qc7 13.Ng3 c5 14.dxc5 Nxc5 15.f5 Ncd7
16.Bh6 Ne5 17.Bxg7 Kxg7 18.Nh3 Qc5+ 19.Kh1 Neg4 20.Rf3 h6 21.Nf4 Ne5 22.Rff1 Bd7
23.h3 Rbc8 24.Rf2 Qd4 25.b3 a4 26.bxa4 Ra8 27.Qe1 Qc5 28.fxg6 fxg6 29.Bb5 Kh7
30.Bxd7 Nfxd7 31.Rd5 Qa7 32.a5 g5 33.Nf5 gxf4 34.Rxf4 Ng6 35.Qg3 Rg8 36.Rh4 Nxh4
37.Qxh4 Rg6 38.Qxe7+ Kh8 39.Rxd6 Nf8 40.Qe5+ Kh7 41.Rd4 Rc8 42.Rxb4 Rxc2
43.Rb6 Rcxg2 44.h4 Qd7 45.Rb1 Qd3 46.Rb7+ Nd7 47.Ne3 Rg1+  0-1

[Event "Groningen"]
[Site "Groningen"]
[Date "1988.??.??"]
[Round "?"]
[White "Ftacnik, Lubomir"]
[Black "Rogers, Ian"]
[Result "1-0"]
[WhiteElo "2590"]
[BlackElo "2535"]

1.d4 d6 2.e4 g6 3.Nc3 Bg7 4.Be3 a6 5.a4 b6 6.g3 Bb7 7.Bg2 Nf6 8.Nge2 Ng4
9.Bg5 h6 10.Bc1 c5 11.d5 Nd7 12.O-O O-O 13.h3 Ngf6 14.g4 Ne8 15.Bf4 Nc7 16.Qd2 Kh7
17.Bg3 b5 18.Rab1 b4 19.Nd1 a5 20.Ne3 Ba6 21.f4 Nb6 22.b3 e6 23.dxe6 Nxe6
24.Rf2 Nd4 25.c4 Qe7 26.e5 dxe5 27.fxe5 Rad8 28.Nxd4 Rxd4 29.Qe2 Qd7 30.Rbf1 Kg8
31.Qc2 Rd3 32.e6 fxe6 33.Rxf8+ Bxf8 34.Nd5 Rxd5 35.Qxg6+ Bg7 36.Be4 Rf5 37.Bxf5 exf5
38.Qxb6 Bb7 39.Qd6 Bd4+ 40.Kh2 Qxd6 41.Bxd6 fxg4 42.Rf8+ Kg7 43.Rb8 Be4 44.Rb5 Bc2
45.Bxc5 Be5+ 46.Kg1 gxh3 47.Bf8+ Kxf8 48.Rxe5 Bxb3 49.Rxa5 Bxc4 50.Rc5 Bd3
51.Rc8+ Ke7 52.Rb8 Kd7 53.Rxb4 Kc7 54.Kh2 Bf5 55.a5 Bc8 56.Rb2 h5 57.Rb4  1-0

[Event "Hallein op"]
[Site "Hallein"]
[Date "1988.??.??"]
[Round "6"]
[White "Kosanovic, Goran A"]
[Black "Brestian, Egon"]
[Result "1/2-1/2"]
[WhiteElo "2385"]
[BlackElo "2395"]

1.e4 g6 2.d4 Bg7 3.Nc3 d6 4.f4 c6 5.Nf3 Bg4 6.Be3 d5 7.e5 e6 8.h3 Bxf3 9.Qxf3 Ne7
10.g4 h5 11.O-O-O Nd7 12.Bd3 Nb6 13.f5 exf5 14.gxf5 Nxf5 15.Bxf5 gxf5 16.Rhg1 Bf8
17.Qxf5 Qe7 18.Bg5 Qe6 19.Qf4 Nd7 20.Rdf1 Rg8 21.h4 Be7 22.Bxe7 Kxe7 23.Rg5 Rh8
24.Qf3 Rag8 25.Rxg8 Rxg8 26.Qxh5 Qg6 27.Qf3 Rh8 28.Rh1 Rh5 29.Ne2 Qh6+ 30.Qf4 f6
31.exf6+ Nxf6 32.Qxh6 Rxh6 33.Ng3 Rg6 34.Rh3 Ke6 35.h5 Rg4 36.c3 Nh7 37.Ne2 Ng5
38.Rh1 Kf6 39.h6 Kg6 40.Kc2 Kh7 41.Nc1 Ne4 42.Nd3 Rg6 43.Nc5 Nxc5 44.dxc5 Rxh6
45.Re1 Rh2+ 46.Kb3 Rg2 47.Re8 Rg8 48.Re6 Rg7 49.Ka3 Rc7 50.Re8 Kg6 51.Rd8 b6
52.cxb6 axb6 53.Rb8 Ra7+ 54.Kb3 Ra6 55.Rc8 c5 56.Rd8 c4+ 57.Kc2 Ra5 58.Kb1 Kf5
59.Re8 Rc5 60.a3 Rc6 61.Ka2 Re6 62.Rb8 Ke5 63.a4 Rc6 64.Ka3 Kd6 65.Rd8+ Kc5  1/2-1/2

[Event "Hastings op8889"]
[Site "Hastings"]
[Date "1988.??.??"]
[Round "?"]
[White "Lalic, Susan"]
[Black "McNab, Colin Anderson"]
[Result "1/2-1/2"]
[WhiteElo "2340"]
[BlackElo "2420"]

1.e4 g6 2.d4 d6 3.Nc3 Bg7 4.Be3 c6 5.Qd2 b5 6.Nf3 Qc7 7.Be2 Nd7 8.O-O Ngf6
9.e5 dxe5 10.dxe5 Nxe5 11.Nxe5 Qxe5 12.Bf3 Bd7 13.Rfe1 O-O 14.Bxa7 Qc7 15.Bc5 Be6
16.Qe3 Rfe8 17.Bb6 Qb7 18.a3 Nd5 19.Nxd5 Bxd5 20.Bxd5 cxd5 21.c3 e5 22.Bc5 Qc6
23.Bb4 Rac8 24.Rad1 e4 25.Ba5 Re6 26.Qd2 Ra8 27.Bb4 Rd8 28.Qe3 f5 29.Qc5 Kf7
30.Re2 Qxc5 31.Bxc5 Rc6 32.Bd4 Bh6 33.g3 Ke6 34.Be3 Bg7 35.Bd4 Bf8 36.h4 Be7
37.Kh2 Ra6 38.Be3 Rd7 39.Red2 Ra4 40.Kh3 Bf6 41.Kg2 Be5 42.Kh3 Ra8 43.Kg2 Rf8
44.Bh6 Rff7 45.Bf4 Bg7 46.Be3 Rf8 47.Ra1 Ra8 48.Rad1 Be5 49.Bh6 Ra4 50.Be3 Bb8
51.Kh3 Ba7 52.g4 Bb8 53.gxf5+ gxf5 54.Rg1 Be5 55.Rg8 Kf7 56.Rg5 Ke6 57.Rg8 Kf7  1/2-1/2

[Event "IND-ch"]
[Site "?"]
[Date "1988.??.??"]
[Round "?"]
[White "Hegde, Ravi Gopal"]
[Black "Koshy, Varugeese"]
[Result "0-1"]
[WhiteElo "2315"]
[BlackElo "2330"]

1.e4 d6 2.d4 g6 3.Nc3 Bg7 4.g3 Nc6 5.Be3 Nf6 6.h3 O-O 7.Bg2 e5 8.Nge2 Bd7
9.O-O exd4 10.Nxd4 Nxd4 11.Bxd4 Bc6 12.Re1 Re8 13.Qd2 Qd7 14.Rad1 Re6 15.Nd5 Rae8
16.c4 Nxe4 17.Qf4 f5 18.g4 Bxd5 19.cxd5 R6e7 20.Bxg7 Kxg7 21.Re3 Re5 22.g5 h6
23.gxh6+ Kh7 24.h4 Nxf2 25.Rde1 Nd3 26.Rxd3 Rxe1+ 27.Kh2 R1e2 28.Rg3 R8e4
29.Qg5 Rg4 30.Rxg4 fxg4 31.h5 Qf5 32.hxg6+ Qxg6 33.Qd8 Qxh6+ 34.Kg3 Qe3+  0-1

[Event "IND-ch"]
[Site "?"]
[Date "1988.??.??"]
[Round "?"]
[White "Mithrakanth, Poorna Sharma"]
[Black "Koshy, Varugeese"]
[Result "1/2-1/2"]
[WhiteElo "2320"]
[BlackElo "2330"]

1.e4 g6 2.d4 Bg7 3.Nc3 d6 4.Nf3 a6 5.a4 b6 6.Bc4 e6 7.O-O Ne7 8.Be3 Bb7 9.Qd2 h6
10.h3 Nd7 11.Rfe1 Nf6 12.Bd3 Nd7 13.Ne2 c5 14.c3 c4 15.Bc2 Qc7 16.Ng3 e5
17.Rad1 O-O-O 18.Qe2 d5 19.dxe5 Nxe5 20.Nxe5 Bxe5 21.exd5 Bxg3 22.fxg3 Nxd5
23.Bd4 Rhg8 24.Qf2 Rge8 25.b3 Qc6 26.bxc4 Nc7 27.Bxb6 Rxd1 28.Rxd1 Qxc4 29.Rd2 f5
30.Qd4 Re1+ 31.Kh2 Qxd4 32.Bxd4 Nd5 33.Bf2 Re6 34.Bb3 Re5 35.Kg1 Bc6 36.Bd4 Re1+
37.Kf2 Rc1 38.Rd1 Rxd1 39.Bxd1 a5 40.Bf3 Kc7 41.Ke2 Kd6 42.c4 Nc7 43.Bxc6 Kxc6
44.Kd2 Ne6 45.Kc3 h5 46.Be3 g5 47.Bd4 g4 48.hxg4 hxg4 49.Be3 Kd6 50.Bb6 Kc6
51.Bxa5 Nc5 52.Kd4 Nb3+ 53.Ke5 Nxa5 54.Kxf5 Nxc4 55.Kxg4 Kd5 56.Kf4 Ke6 57.Kg5 Kf7
58.Kf5 Na5 59.Ke5 Kg6 60.Kd5 Kg5 61.Kc5 Kg4 62.Kb5 Nb3 63.Kb4 Nd4 64.Kc4 Nc6
65.Kb5 Nd4+ 66.Kc5 Nb3+ 67.Kb4 Nd4  1/2-1/2

[Event "IND-ch"]
[Site "?"]
[Date "1988.??.??"]
[Round "?"]
[White "Gupta, Radhey S"]
[Black "Ravisekhar, Raja"]
[Result "0-1"]
[WhiteElo "2300"]
[BlackElo "2355"]

1.e4 g6 2.d4 Bg7 3.Nc3 d6 4.f4 Nc6 5.Be3 e6 6.Nf3 Nge7 7.Qd2 d5 8.e5 a6 9.a3 b6
10.Bd3 Bb7 11.Bf2 Qd7 12.Ne2 Na5 13.b3 h5 14.h3 Bc6 15.Bh4 Bb5 16.Nc1 Bxd3
17.Nxd3 Nf5 18.Bf2 h4 19.O-O Bf8 20.Nb2 Be7 21.Rfd1 Kf8 22.b4 Nc6 23.Qe2 Kg7
24.c4 a5 25.b5 Na7 26.a4 c6 27.bxc6 Nxc6 28.cxd5 Qxd5 29.Nc4 Rab8 30.Ne3 Nxe3
31.Qxe3 Nb4 32.Rd2 Rbc8 33.Rf1 Qd7 34.Qe1 Nc2 35.Qd1 Nb4 36.Qe1 Qd8 37.Ng5 Bxg5
38.fxg5 Qxg5 39.Be3 Qe7 40.Rdf2 Rcf8 41.Qd2 Rh5 42.Rf3 Nd5 43.Qf2 Rf5 44.Rxf5 exf5
45.Qd2 Rh8 46.Bg5 Qe6 47.Rb1 Rh5 48.Rb5 Kh7 49.Qc1 Qd7 50.Kh1 Qe6 51.Bd2 f4
52.Bxf4 Rf5 53.Bg5 Rf2 54.Bxh4 Ra2 55.Qc4 Rxg2 56.Qb3 Rd2 57.Be1 Rxd4 58.Bf2 Rd2
59.Be1 Re2 60.Rxd5 Rxe1+  0-1